|
|
|
|
| LEADER |
02191nam a22004694a 4500 |
| 001 |
EBC199971 |
| 003 |
MiAaPQ |
| 005 |
20200520144314.0 |
| 006 |
m o d | |
| 007 |
cr cn||||||||| |
| 008 |
040114s2004 enk sbs 001 0 eng |
| 010 |
|
|
|z 2004000264
|
| 016 |
7 |
|
|z 010979055
|2 Uk
|
| 020 |
|
|
|z 0415208033 (alk. paper)
|
| 035 |
|
|
|a (MiAaPQ)EBC199971
|
| 035 |
|
|
|a (Au-PeEL)EBL199971
|
| 035 |
|
|
|a (CaPaEBR)ebr10093943
|
| 035 |
|
|
|a (CaONFJC)MIL6232
|
| 035 |
|
|
|a (OCoLC)56748792
|
| 040 |
|
|
|a MiAaPQ
|c MiAaPQ
|d MiAaPQ
|
| 043 |
|
|
|a e-uk-en
|
| 050 |
|
4 |
|a HC254.5
|b .P93 2004
|
| 082 |
0 |
4 |
|a 338.4/5/09423709032
|2 22
|
| 084 |
|
|
|a 15.70
|2 bcl
|
| 245 |
0 |
0 |
|a Production and consumption in English households, 1600-1750
|h [electronic resource] /
|c Mark Overton ... [et al.].
|
| 260 |
|
|
|a London ;
|a New York :
|b Routledge,
|c 2004.
|
| 300 |
|
|
|a xii, 251 p.
|
| 490 |
1 |
|
|a Routledge explorations in economic history ;
|v 19
|
| 504 |
|
|
|a Includes bibliographical references (p. [201]-246) and index.
|
| 505 |
0 |
|
|a Household economies and economic development in early modern England -- Probate inventories -- Household production -- By-employment, women's work and 'unproductive' households -- The material culture of consumption -- Rooms and room-use -- Wealth, occupation, status and location.
|
| 533 |
|
|
|a Electronic reproduction. Ann Arbor, MI : ProQuest, 2015. Available via World Wide Web. Access may be limited to ProQuest affiliated libraries.
|
| 650 |
|
0 |
|a Capital productivity
|z England
|z Cornwall (County)
|x History.
|
| 650 |
|
0 |
|a Consumption (Economics)
|z England
|z Cornwall (County)
|x History.
|
| 650 |
|
0 |
|a Inventories of decedents' estates
|z England
|z Cornwall (County)
|x History
|v Statistics.
|
| 650 |
|
0 |
|a Capital productivity
|z England
|z Kent
|x History.
|
| 650 |
|
0 |
|a Consumption (Economics)
|z England
|z Kent
|x History.
|
| 650 |
|
0 |
|a Inventories of decedents' estates
|z England
|z Kent
|x History
|v Statistics.
|
| 655 |
|
4 |
|a Electronic books.
|
| 700 |
1 |
|
|a Overton, Mark.
|
| 710 |
2 |
|
|a ProQuest (Firm)
|
| 830 |
|
0 |
|a Routledge explorations in economic history ;
|v 19.
|
| 856 |
4 |
0 |
|u https://ebookcentral.proquest.com/lib/matrademy/detail.action?docID=199971
|z Click to View
|